The curry cookbook

Bibliographic Details
Main Author: Solomon, Charmaine
Other Authors: Solomon, Reuben
Format: Book
Published: Australia : Lansdowne Publishing , 1995
Subjects:

MARC

LEADER 00000cam a2200000 7i4500
001 0000006946
002 000007481
005 20090604.0
020 |a 1863024808 
090 0 0 |a 641.595   |b SOL 
100 1 |a Solomon, Charmaine 
245 1 4 |a The curry cookbook   |c Charmaine Solomon, Reuben Solomon 
260 |a Australia :   |b Lansdowne Publishing ,   |c 1995 
300 |a 114p. ;   |c 28cm. 
650 0 0 |a Cookery (Curry) 
650 0 0 |a Cookery, Southeast Asian 
700 1 |a Solomon, Reuben 
999 |a 048761   |b BUKU   |c PINJAMAN   |e PERPUSTAKAAN KOMUNITI PETALING JAYA